| 000 | 00939nam a2200229 a 4500 | ||
|---|---|---|---|
| 001 | 78737 | ||
| 003 | BD-RjUL | ||
| 005 | 20211209083152.0 | ||
| 008 | 211109r20202018bg ||||| |||| 00| 0 ben d | ||
| 020 |
_a9789849294572 _c: Tk. 700.00 |
||
| 035 | _a(BD-RjUL)78963 | ||
| 040 |
_aBD-RjUL _beng _cBD-RjUL |
||
| 041 | _aben | ||
| 082 |
_223 _a954.9205092 _bAHJ 2020 |
||
| 100 |
_aআহমেদ, আনিস _9249792 |
||
| 245 | 1 | 0 |
_aজয় বঙ্গবন্ধু জয়তু শেখ হাসিনা / _cআনিস আহমেদ |
| 260 |
_aঢাকা : _bজোনাকি প্রকাশনী, _c২০১৮ [মুদ্রণ ২০২০] |
||
| 300 |
_a২৮৮ পৃ. : _bচিত্রসমূহ ; _c২২ সেমি. |
||
| 600 |
_aমুজিবুর রহমান, শেখ, _d১৯২০-১৯৭৫ _9249795 |
||
| 600 |
_aMujibur Rahman, Sheikh, _d1920-1975 _9249796 |
||
| 942 |
_2ddc _cBK |
||
| 999 |
_c78737 _d78737 |
||